| 000 | 00525nam a2200205Ia 4500 | ||
|---|---|---|---|
| 005 | 20251121161007.0 | ||
| 008 | 221007s9999 xx 000 0 und d | ||
| 020 | _a81-7224-925-x | ||
| 041 | _aeng | ||
| 082 |
_a158.1 _bTIM |
||
| 100 |
_aTimm P R _9215357 |
||
| 245 | _aHow To Make Winning Presentations | ||
| 260 |
_c2013 _bJaico Publishing House _aMumbai |
||
| 300 | _a93p | ||
| 440 | _v1 | ||
| 500 | _aPersonality Development | ||
| 650 |
_aPersonality Development _9213420 |
||
| 906 |
_a27 _bGeneral |
||
| 942 | _cBK | ||
| 999 |
_c77414 _d77414 |
||